000 00270nam a22001337a 4500
008 170627b xxu||||| |||| 00| 0 eng d
020 _a31732
041 _aeng
080 _a821
100 _a21
101 _agjl
245 _aSPOKEN SPANISH
_cKANY
942 _2udc
_cBK
999 _c19248
_d19248